00361 2200133 4500001002100000008004200021035002000063245006200083100002200145260002500167300001200192084001400204990000900218INLIS000000000003903 I nd  a0010-0723000388 aKisah Nabi IbrahimbKisah Nabi IbrahimcMB. Rahimsyah. AR aAR, MB. Rahimsyah aSurabayabSerba Jaya a16 hlm. a022 KIS m a3987